000 00871nam a2200253Ia 4500
003 GCL
005 20240530105352.0
008 140319s9999 xx 000 0 ara d
040 _aGCL /
_cGCL
082 0 4 _a330.909031
_bب م
100 1 _aبروديل ، فرنان
245 1 0 _aالمتوسط والعالم المتوسطى /
_cبروديل ، فرنان
260 _a[S.N] :
_bدار المنتخب العربى للدراسات والنشر والتوزيع ،
_c1993
300 _a159 ص
490 _aدراسات تاريخية
_v0
650 0 4 _aتاريخ
650 0 4 _aالاحوال الاجتماعية
650 0 4 _aالاحوال السياسية
650 0 4 _aحضارة العصور الوسطى
650 0 4 _aاسبانيا
650 0 4 _aاسرة هابسبرج
700 1 _aمروان ابى سمرا (مترجم)
942 _2ddc
_cBK
999 _c55373
_d55373